De algunas obras desconocidas de cosmografía y de navegación, y singularmente de la que escribió Alfonso [sic] de Chaves a principios del siglo XVI / (Record no. 53697)

MARC details
000 -LEADER
campo de control de longitud fija 01175nam a2200241 i 4500
001 - NÚMERO DE CONTROL
campo de control 53697
003 - IDENTIFICADOR DE NÚMERO DE CONTROL
campo de control ES-MaACL
005 - FECHA Y HORA DE LA ÚLTIMA TRANSACCIÓN
campo de control 20250718184447.0
007 - CAMPO FIJO DE DESCRIPCIÓN FÍSICA--INFORMACIÓN GENERAL
campo de control de longitud fija t|
008 - DATOS DE LONGITUD FIJA--INFORMACIÓN GENERAL
campo de control de longitud fija 960627s1895 sp ||||1| spa d
100 1# - ENTRADA PRINCIPAL--NOMBRE DE PERSONA
Nombre de persona Fernández Duro, Cesáreo,
Fechas asociadas al nombre 1830-1908
9 (RLIN) 49752
245 10 - MENCIÓN DEL TÍTULO
Título De algunas obras desconocidas de cosmografía y de navegación, y singularmente de la que escribió Alfonso [sic] de Chaves a principios del siglo XVI /
Mención de responsabilidad, etc. Cesáreo Fernández Duro.
260 ## - PUBLICACIÓN, DISTRIBUCIÓN, ETC.
Lugar de publicación, distribución, etc. Madrid :
Nombre del editor, distribuidor, etc. s.n.,
Fecha de publicación, distribución, etc. 1895 (
Fabricante Imp. de la Revista de navegación y comercio)
300 ## - DESCRIPCIÓN FÍSICA
Extensión 46 p. ;
Dimensiones 33 cm.
505 8# - NOTA DE CONTENIDO CON FORMATO
Nota de contenido con formato Incluye: Quatri partitu en cosmografía práctica, y por otro nombre Espejo de navegantes / Alonso de Chaves (p. 12-46)
530 ## - NOTA DISPONIBLE DE FORMULARIO FÍSICO ADICIONAL
Nota de formato físico adicional disponible Disponible en formato digital.
650 #4 - PUNTO DE ACCESO ADICIONAL DE MATERIA--TÉRMINO DE MATERIA
Término de materia o nombre geográfico como elemento de entrada Navegación-
Subdivisión de forma Obras anteriores a 1800.
9 (RLIN) 15501
740 02 - ENTRADA AGREGADA--TÍTULO RELACIONADO/ANALÍTICO NO CONTROLADO
Título relacionado o analítico no controlado Quatri partitu en cosmografía práctica, y por otro nombre Espejo de navegantes.
740 02 - ENTRADA AGREGADA--TÍTULO RELACIONADO/ANALÍTICO NO CONTROLADO
Título relacionado o analítico no controlado Espejo de navegantes.
852 4# - LOCALIZACIÓN
Ubicación ES-MaACL
Número de control de estantería T-771-F-2
Nota libre - Dedicatoria autógrafa del autor
856 4# - LOCALIZACIÓN Y ACCESO ELECTRÓNICOS
Identificador Uniforme de Recursos <a href="http://bdh-rd.bne.es/viewer.vm?id=0000125611&page=1 ">http://bdh-rd.bne.es/viewer.vm?id=0000125611&page=1 </a>
Nota pública Biblioteca Digital Hispánica
Holdings
Estatus retirado Estado de pérdida Estado de daño No para préstamo Colección Biblioteca de origen Biblioteca actual Ubicación en estantería Fecha de adquisición Fuente de adquisición Total de préstamos Signatura topográfica completa Código de barras Visto por última vez Precio de reemplazo Tipo de ítem Koha
        Colección de folletos Biblioteca del Ateneo de Madrid Biblioteca del Ateneo de Madrid Depósito folletos 17/01/2008     T-771-F-2 1056425 23/02/2023 23/02/2023 Folleto